Sugars-dominant water-soluble organic compounds in soils and characterization as tracers in atmospheric particulate matter /

সংরক্ষণ করুন:
গ্রন্থ-পঞ্জীর বিবরন
অন্যান্য লেখক: Didyk, Borys M., Elias, Vladimir O., Kawamura, Kimitaka., Kobayashi, Minoru., Medeiros, Patricia M., Rogge, Wolfgang F., Rushdi, Ahmed I., Simoneit, Bernd R. T.
বিন্যাস: প্রবন্ধ
ভাষা:English
বিষয়গুলি:
ট্যাগগুলো: ট্যাগ যুক্ত করুন
কোনো ট্যাগ নেই, প্রথমজন হিসাবে ট্যাগ করুন!
Thư viện lưu trữ: Thư viện Trường Đại học Đà Lạt
LEADER 01163nam a2200373 4500
001 DLU090095103
005 ##20091201
040 # # |a DLU  |b eng 
041 # # |a eng 
044 # # |a us 
245 # # |a Sugars-dominant water-soluble organic compounds in soils and characterization as tracers in atmospheric particulate matter /  |c Bernd R. T. Simoneit ... [et al.]. 
653 # # |a Aerosols 
653 # # |a Chemical composition 
653 # # |a Glucose 
653 # # |a Infection  
653 # # |a Organic compounds 
700 # # |a Didyk, Borys M. 
700 # # |a Elias, Vladimir O. 
700 # # |a Kawamura, Kimitaka. 
700 # # |a Kobayashi, Minoru. 
700 # # |a Medeiros, Patricia M. 
700 # # |a Rogge, Wolfgang F. 
700 # # |a Rushdi, Ahmed I. 
700 # # |a Simoneit, Bernd R. T. 
773 # # |t Environmental Science & Technology  |g Vol. 38, no. 22 (November 2004), p. 5939-5949 
920 # # |a Phòng Tạp chí -- Trung tâm Thông tin - Thư viện Trường Đại học Đà Lạt 
994 # # |a DLU 
900 # # |a True 
911 # # |a Trương Bảo Trâm Anh 
925 # # |a G 
926 # # |a A 
927 # # |a BB 
980 # # |a Thư viện Trường Đại học Đà Lạt